| 000 | 01107cam a22002651 4500 | ||
|---|---|---|---|
| 001 | l 35000024 | ||
| 003 | DLC | ||
| 005 | 20260227111535.0 | ||
| 008 | 931014s1935 dcua f000 0 eng | ||
| 010 | _al 35000024 | ||
| 035 | _a(OCoLC)29014404 | ||
| 040 |
_aDLC _cOrU _dDLC |
||
| 042 | _apremarc | ||
| 050 | 0 | 0 |
_aHD6093 _b.A3 no. 122 |
| 100 | 1 | _aPidgeon, Mary Elizabeth. | |
| 245 | 1 | 0 |
_aVariations in wage rates under corresponding conditions, _cby Mary Elizabeth Pidgeon ... |
| 260 |
_aWashington, _bU.S. Govt. print. off., _c1935. |
||
| 300 |
_av, 57 p. incl. tables. _c23 cm. |
||
| 440 | 0 |
_aBulletin (United States. Women's Bureau) _vno. 122 |
|
| 500 | _aAt head of title: United States Department of labor. Frances Perkins, secretary. Women's bureau. Mary Anderson, director. | ||
| 500 | _a"Statistical tables that formed the basis of the tabular material used in the text were prepared by Arcadia Near Phillips, statistician."--Letter of transmittal. | ||
| 650 | 0 |
_aWages _zUnited States. |
|
| 650 | 0 |
_aWomen _xEmployment _zUnited States. |
|
| 700 | 1 |
_aPhillips, Arcadia Dowdell _q(Near) _cMrs. |
|
| 999 |
_c36151 _d36151 |
||